LEADER 01934nam a2200337 i 4500 001 000000240830 003 CaOOAMICUS 005 20230222140731.0 008 150413s1666 it u000 u ita u 026 $al-oi i.o; arn- Vema (3) 1666 (A) 040 $aSeMil$bita 100 1 $aPallavicino, Pietro Sforza,$c.$0(OLS)http://semarc/name/6649 245 10$aIstoria del Concilio di Trento scritta dall'eminentissimo e reverendiss. sig. Cardinale Sforza Pallavicino, separata nuovamente dalla parte contenziosa, e ridotta in pił breve forma da Giampietro Cataloni. 264 1$aIn Roma :$bPer Gioseppe Corvo,$c1666$e(In Roma :$fStampato da Fabio de Falco : Per Gioseppe Corvo,$g1666) 300 $a[8], 807, [1] p. ;$cfol. 500 $aFront. stampato in rosso e nero 500 $aMarca editoriale: Un corvo. In un ovale con gigli araldici entro una cornice figurata. (O1081) In fine. 500 $aSegn.: ?4 A-5I4 500 $aCors. ; rom. 500 $aFregi, iniz. xilogr. 500 $aStemma del dedicatario (Card. Francesco degli Albizi) sul front. 650 4$aConcilio di Trento <1545-1563> - Storia.$0(OLS)http://semarc/subject/1956 700 1 $aCataloni, Giampietro.$0(OLS)http://semarc/name/81596 700 1 $aCorvo, Giuseppe,$c.$0(OLS)http://semarc/name/6510 700 1 $aFalco, Fabio : de,$c.$0(OLS)http://semarc/name/81597 850 $aSeMil 852 $aSeMil$W1$xVenegono$y1$m3D VI 19 FA$j191176$B191176$CSeMilBibl$Z2$F202003 $8I 961 $aLascito: Bidoglio don Maurizio 996 $6245$aIstoria del Concilio di Trento scritta dall'eminentissimo e reverendiss. sig. Cardinale Sforza Pallavicino, separata nuovamente dalla parte contenziosa, e ridotta in pił breve forma da Giampietro Cataloni$9(OLS)http://semarc/title/342370 996 $6264$aIn Roma :$bPer Gioseppe Corvo$9(OLS)http://semarc/publisher/54495 LEADER 00551nab a2200145 i 4500 001 000000270061 003 CaOOAMICUS 005 20081204000000.0 008 081204n xx uu u0 0und r 013 $a16197 040 $aSeMil$bita 245 13$aUn Avvento di speranza. - 16 p. - Titolo principale dalla prima pagina. 500 $a23 novembre 2008. 773 0 $t[2008 : Luglio-Dicembre].$dBologna : Centro Editoriale Dehoniano, 2008.$w()173209 996 $6245$aUn Avvento di speranza. - 16 p. - Titolo principale dalla prima pagina.$9(OLS)http://semarc/title/359325